00341nam a2200145Ia 45000030006000000080041000060400015000471000021000622450029000832500006001122600040001183000006001585460014001640050017001780STCL150530s9999 xx 000 0 und d aSTCLcSTCL aSahithya Academi aTagorinte Prabhandhangal a1 bSahitya Akademi; Delhic1962aDelhi a0 aMalayalam20220125171734.0